| 000 | 00428cam a2200169ua 4500 | ||
|---|---|---|---|
| 003 | OSt | ||
| 008 | 250130b |||||||| |||| 00| 0 eng d | ||
| 020 | _a81-24-0855-9 | ||
| 041 | _aeng | ||
| 082 |
_a621.30 222 _bBHA/EL |
||
| 100 |
_aBhattacharya, S K . _96501 |
||
| 245 | _aElectrical engineering drawing / | ||
| 250 | _a2 / | ||
| 260 |
_aNew Delhi : _bNew Age International Ltd , _c1998. |
||
| 300 | _a244 ; . | ||
| 942 | _cBK | ||
| 999 |
_c3263 _d3263 |
||